书目信息 |
| 题名: |
外国现代教育史
|
|
| 作者: | 吴式颖 主编 | |
| 分册: | ||
| 出版信息: | 北京 人民教育出版社 1997 |
|
| 页数: | 727页 | |
| 开本: | 20cm | |
| 丛书名: | ||
| 单 册: | ||
| 中图分类: | G519.5 | |
| 科图分类: | ||
| 主题词: | 教育史--国外--现代--高等学校--教材 | |
| 电子资源: | ||
| ISBN: | 7-107-12015-8 | |
| 000 | 00674nam0 2200229 450 | |
| 001 | 1539590782 | |
| 005 | 20150201110001.10 | |
| 010 | @a7-107-12015-8@dCNY33.70 | |
| 100 | @a20021005d1997 em y0chiy0110 ea | |
| 101 | 0 | @achi |
| 102 | @aCN@b110000 | |
| 105 | @ay z 000yy | |
| 200 | 1 | @a外国现代教育史@9wai guo xian dai jiao yu shi@f吴式颖主编 |
| 210 | @a北京@c人民教育出版社@d1997 | |
| 215 | @a727页@d20cm | |
| 300 | @a高等学校文科教材 | |
| 300 | @a国家科委“八五”重点科研项目 | |
| 606 | 0 | @a教育史@x国外@z现代@x高等学校@x教材 |
| 690 | @aG519.5@v5 | |
| 701 | 0 | @a吴式颖@9wu shi ying@c(女,@f1929~)@4主编 |
| 801 | 0 | @aCN@bTSSF@c20150201 |
| 905 | @aZUCC@dG519.5@eJY1 | |
| 外国现代教育史/吴式颖主编.-北京:人民教育出版社,1997 |
| 727页;20cm |
| 高等学校文科教材.-国家科委“八五”重点科研项目 |
| ISBN 7-107-12015-8:CNY33.70 |
| ● |
| 相关链接 |
|
|
|
|
正题名:外国现代教育史
索取号:G519.5/JY1
 
预约/预借
| 序号 | 登录号 | 条形码 | 馆藏地/架位号 | 状态 | 备注 |
| 1 | 7857333 | 278573330 | 学院路分馆/ [索取号:G519.5/JY1] | 在馆 |